[Event "XXIX Miedzynarodowy Festiwal Szachowy CRACOVIA-2018 Grupa B"]
[Site "Krakow, Hotel Galaxy, ul. Gesia 22a"]
[Date "2018.12.28"]
[Round "2.55"]
[White "Kaniak, Justyna"]
[Black "Zechner, Andrea"]
[Result "1/2-1/2"]
[WhiteElo "1729"]
[BlackElo "1859"]
[PlyCount "74"]
[EventDate "2018.??.??"]

1. e4 c6 2. d4 d5 3. Nd2 dxe4 4. Nxe4 Bf5 5. Ng3 Bg6 6. h4 h6 7. Nf3 Nd7 8. h5
Bh7 9. Bd3 Bxd3 10. Qxd3 Ngf6 11. Bd2 Qc7 12. O-O-O e6 13. Ne4 O-O-O 14. g3
Nxe4 15. Qxe4 Nf6 16. Qe2 Bd6 17. c4 c5 18. Bc3 cxd4 19. Nxd4 a6 20. Kb1 Rhe8
21. Rc1 Rd7 22. Nb5 Qc5 23. Nxd6+ Qxd6 24. Rhd1 Qe7 25. Ka1 Rxd1 26. Rxd1 Rd8
27. Qf3 Rxd1+ 28. Qxd1 Ne8 29. a3 f6 30. Qd4 Qd6 31. Qa7 Nc7 32. Ka2 Qc6 33.
Qd4 e5 34. Qg4+ Qd7 35. Qg6 Ne6 36. Kb3 Qd1+ 37. Ka2 Qd7 1/2-1/2

[Event "XXIX Miedzynarodowy Festiwal Szachowy CRACOVIA-2018 Grupa B"]
[Site "Krakow, Hotel Galaxy, ul. Gesia 22a"]
[Date "2018.12.28"]
[Round "2.56"]
[White "Krawczyk, Flawian"]
[Black "Buchta, Agnieszka"]
[Result "1/2-1/2"]
[WhiteElo "1641"]
[BlackElo "1856"]
[PlyCount "104"]
[EventDate "2018.??.??"]

1. e4 e5 2. Nf3 Nc6 3. Bb5 a6 4. Ba4 Nf6 5. d4 exd4 6. O-O Be7 7. Re1 O-O 8. e5
Nd5 9. Bb3 Nb6 10. Nxd4 Nxd4 11. Qxd4 d6 12. exd6 Bxd6 13. Bf4 Qh4 14. Re4 Bf5
15. Bxd6 Qxe4 16. Qxe4 Bxe4 17. Bxf8 Kxf8 18. Nc3 Bg6 19. Rd1 Re8 20. f3 Ke7
21. Kf2 Rd8 22. Re1+ Kd7 23. Kg3 c5 24. Nd5 Nxd5 25. Bxd5 b5 26. c4 Kd6 27. Bb7
Bd3 28. Bxa6 Bxc4 29. Rd1+ Kc7 30. Rxd8 Kxd8 31. a4 Kc7 32. Bxb5 Bxb5 33. axb5
Kb6 34. Kf4 Kxb5 35. Ke5 c4 36. Kd5 Kb4 37. g4 c3 38. bxc3+ Kxc3 39. Ke4 Kc4
40. f4 Kc5 41. Ke5 Kc6 42. h4 Kd7 43. h5 f6+ 44. Kf5 Ke7 45. g5 fxg5 46. fxg5
Kf7 47. g6+ hxg6+ 48. hxg6+ Ke7 49. Ke5 Kf8 50. Ke6 Ke8 51. Kf5 Kf8 52. Ke6 Ke8
1/2-1/2

[Event "XXIX Miedzynarodowy Festiwal Szachowy CRACOVIA-2018 Grupa B"]
[Site "Krakow, Hotel Galaxy, ul. Gesia 22a"]
[Date "2018.12.28"]
[Round "2.57"]
[White "Koloczek, Maciej"]
[Black "Saweczko, Tomasz"]
[Result "1-0"]
[WhiteElo "1852"]
[BlackElo "1724"]
[PlyCount "115"]
[EventDate "2018.??.??"]

1. e4 e5 2. Nf3 Nc6 3. d4 exd4 4. Nxd4 Bb4+ 5. c3 Bc5 6. Nxc6 bxc6 7. Bd3 Qf6
8. Qe2 d6 9. Be3 Bxe3 10. Qxe3 Ne7 11. O-O O-O 12. Nd2 Re8 13. Nf3 Ng6 14. Qg5
Qxg5 15. Nxg5 Ne5 16. Be2 h6 17. Nf3 Bg4 18. Rfe1 Nxf3+ 19. Bxf3 Bxf3 20. gxf3
Re6 21. Rad1 Rae8 22. Rd4 Rg6+ 23. Kf1 Rb8 24. b3 Rb5 25. Ra4 a5 26. Rc4 Rh5
27. Rxc6 Rxh2 28. Ke2 h5 29. Rxc7 h4 30. Rc8+ Kh7 31. Ra8 h3 32. Rxa5 Rh6 33.
Rd5 Rg2 34. a4 h2 35. Rdd1 Rh5 36. b4 d5 37. Rh1 dxe4 38. fxe4 Rh3 39. Rd3 Rxd3
40. Kxd3 Rxf2 41. a5 Ra2 42. a6 g5 43. a7 Kg6 44. b5 Rxa7 45. Rxh2 f5 46. exf5+
Kxf5 47. Kc4 Ke5 48. b6 Rd7 49. Rg2 Rg7 50. Kb5 g4 51. c4 Kd4 52. c5 Rg5 53.
Rd2+ Kc3 54. Rd1 g3 55. b7 Rg4 56. c6 g2 57. Rg1 Kb3 58. Kb6 1-0

[Event "XXIX Miedzynarodowy Festiwal Szachowy CRACOVIA-2018 Grupa B"]
[Site "Krakow, Hotel Galaxy, ul. Gesia 22a"]
[Date "2018.12.28"]
[Round "2.58"]
[White "Wojciechowski, Beniamin"]
[Black "Szlosarczyk, Hubert"]
[Result "1-0"]
[WhiteElo "1845"]
[BlackElo "1600"]
[PlyCount "120"]
[EventDate "2018.??.??"]

1. e4 e6 2. d4 d5 3. e5 c5 4. f4 Nc6 5. Nf3 Bd7 6. Bd3 cxd4 7. a3 Nge7 8. Qe2
Qb6 9. b4 h6 10. Nbd2 Nf5 11. Nb3 h5 12. g3 Be7 13. O-O g6 14. Kh1 a6 15. Bb2
a5 16. b5 Na7 17. a4 Bc5 18. Qf2 Nc8 19. Rfc1 Nce7 20. Nxc5 Qxc5 21. c3 Qb6 22.
cxd4 O-O 23. Ba3 Rfe8 24. Bc5 Qd8 25. Qd2 b6 26. Ba3 Kg7 27. Rg1 Qc7 28. Bb2
Qb7 29. h3 Rh8 30. Ba3 Rac8 31. Kg2 Rce8 32. Qf2 Nh6 33. Nh4 Nef5 34. Nxf5+
Nxf5 35. Bxf5 exf5 36. Rac1 Rc8 37. Be7 Rhe8 38. Bf6+ Kf8 39. Qa2 Rxc1 40. Rxc1
Rc8 41. Qa3+ Kg8 42. h4 Rc4 43. Qe7 Qc8 44. Rxc4 dxc4 45. d5 Qe8 46. Qxe8+ Bxe8
47. Kf2 Bd7 48. Ke3 Kf8 49. Bd8 c3 50. Bxb6 c2 51. Kd2 Bc8 52. Kxc2 Bb7 53. d6
Ke8 54. Kc3 Bd5 55. Bxa5 Kd7 56. Bb6 Kc8 57. a5 Be6 58. a6 Kb8 59. Kd4 Bd7 60.
Kc5 Ka8 1-0

[Event "XXIX Miedzynarodowy Festiwal Szachowy CRACOVIA-2018 Grupa B"]
[Site "Krakow, Hotel Galaxy, ul. Gesia 22a"]
[Date "2018.12.28"]
[Round "2.59"]
[White "Podgorski, Maciej"]
[Black "Alothman, Salem"]
[Result "1-0"]
[WhiteElo "1841"]
[BlackElo "1593"]
[PlyCount "45"]
[EventDate "2018.??.??"]

1. e4 e5 2. Nf3 Nc6 3. Bc4 Nf6 4. Ng5 d5 5. exd5 Na5 6. Bb5+ c6 7. dxc6 bxc6 8.
Qf3 Rb8 9. Ba4 Rb4 10. Bb3 Nxb3 11. axb3 h6 12. Nh3 Qb6 13. O-O Bg4 14. Qe3 Be7
15. Rxa7 Bxh3 16. Qxb6 Rxb6 17. gxh3 Nd5 18. Re1 f6 19. d4 O-O 20. Nc3 Bb4 21.
Bd2 exd4 22. Nxd5 Bxd2 23. Ree7 1-0

[Event "XXIX Miedzynarodowy Festiwal Szachowy CRACOVIA-2018 Grupa B"]
[Site "Krakow, Hotel Galaxy, ul. Gesia 22a"]
[Date "2018.12.29"]
[Round "3.9"]
[White "Jankowiak, Piotr"]
[Black "Popescu, Florin"]
[Result "1/2-1/2"]
[WhiteElo "1952"]
[BlackElo "2099"]
[PlyCount "38"]
[EventDate "2018.??.??"]

1. d4 d5 2. Bf4 Nf6 3. e3 e6 4. Nf3 Bd6 5. Bg3 O-O 6. Bd3 c5 7. c3 b6 8. Qe2
Bb7 9. Nbd2 Qe7 10. Rd1 Nbd7 11. Ne5 Rac8 12. Bb1 Rfd8 13. Nxd7 Qxd7 14. Nf3
Qa4 15. Qc2 Qxc2 16. Bxc2 Ne4 17. Bxd6 Nxd6 18. Ke2 Ba6+ 19. Bd3 Bxd3+ 1/2-1/2

[Event "XXIX Miedzynarodowy Festiwal Szachowy CRACOVIA-2018 Grupa B"]
[Site "Krakow, Hotel Galaxy, ul. Gesia 22a"]
[Date "2018.12.29"]
[Round "3.10"]
[White "Fronczak, Sebastian"]
[Black "Janus, Przemyslaw"]
[Result "1-0"]
[WhiteElo "1912"]
[BlackElo "2091"]
[PlyCount "59"]
[EventDate "2018.??.??"]

1. e4 c5 2. Nf3 d6 3. d4 cxd4 4. Nxd4 Nf6 5. Nc3 g6 6. Be3 Bg7 7. f3 Nc6 8. Qd2
O-O 9. O-O-O Nxd4 10. Bxd4 Be6 11. Kb1 Qc7 12. h4 Rfc8 13. h5 Qa5 14. hxg6 hxg6
15. a3 a6 16. Bd3 Rc6 17. Rh4 b5 18. Qg5 Rac8 19. Nd5 Bxd5 20. exd5 R6c7 21.
Bxg6 b4 22. Be4 e5 23. Rdh1 Kf8 24. Rh8+ Ng8 25. R1h7 f6 26. Rxg7 Rxg7 27.
Qxf6+ Rf7 28. Qxd6+ Re7 29. Bh7 Kg7 30. Rxg8+ 1-0

[Event "XXIX Miedzynarodowy Festiwal Szachowy CRACOVIA-2018 Grupa B"]
[Site "Krakow, Hotel Galaxy, ul. Gesia 22a"]
[Date "2018.12.29"]
[Round "3.11"]
[White "Adamczewski, Maciej"]
[Black "Ociepka, Tomasz"]
[Result "1-0"]
[WhiteElo "2080"]
[BlackElo "1907"]
[PlyCount "55"]
[EventDate "2018.??.??"]

1. d4 Nf6 2. c4 c5 3. d5 g6 4. Nc3 Bg7 5. Nf3 O-O 6. e4 d6 7. h3 b5 8. cxb5 a6
9. bxa6 Bxa6 10. Bxa6 Nxa6 11. O-O Rb8 12. Qe2 Qb6 13. Nd2 Nc7 14. Nc4 Qa7 15.
Rd1 Nd7 16. Bf4 Nb6 17. Nxd6 exd6 18. Bxd6 Rfe8 19. Bxc5 Qb7 20. Be3 Nd7 21.
Rac1 Qxb2 22. Rc2 Qa3 23. Rdc1 Na6 24. Nb5 Qe7 25. a3 Nb6 26. Rc6 Qd8 27. Nd6
Re7 28. Qxa6 1-0

[Event "XXIX Miedzynarodowy Festiwal Szachowy CRACOVIA-2018 Grupa B"]
[Site "Krakow, Hotel Galaxy, ul. Gesia 22a"]
[Date "2018.12.29"]
[Round "3.12"]
[White "Jankowiak, Tomasz"]
[Black "Jajte-pachota, Jerzy"]
[Result "1-0"]
[WhiteElo "2070"]
[BlackElo "1905"]
[PlyCount "116"]
[EventDate "2018.??.??"]

1. e4 c6 2. d4 d5 3. e5 Bf5 4. h4 Qd7 5. c4 Bxb1 6. Rxb1 dxc4 7. Bxc4 e6 8. Ne2
Bb4+ 9. Bd2 Bxd2+ 10. Qxd2 Ne7 11. Rd1 Nd5 12. Ng3 O-O 13. h5 Qe7 14. a3 Nd7
15. Kf1 f6 16. exf6 Qxf6 17. Re1 Qf4 18. Qxf4 Rxf4 19. Rxe6 Rxd4 20. Bxd5 Rxd5
21. Ke2 Kf7 22. Re3 Re8 23. Rxe8 Kxe8 24. Ne4 Nc5 25. Nxc5 Rxc5 26. Kf3 Rc2 27.
Re1+ Kf7 28. b4 Kf6 29. Re3 Rd2 30. g4 h6 31. Kg3 Rd1 32. Rf3+ Ke6 33. Re3+ Kf6
34. Kf4 Rd4+ 35. Re4 Rd3 36. a4 Ra3 37. a5 Rd3 38. Rc4 Rd5 39. a6 Rb5 40. axb7
Rxb7 41. Rxc6+ Kf7 42. Kf5 Rb5+ 43. Rc5 Rxb4 44. Rc7+ Kg8 45. Rxa7 Rb5+ 46. Kf4
Rb4+ 47. Kg3 Rb3+ 48. f3 Rc3 49. Rd7 Rb3 50. Kf4 Ra3 51. Ke4 Ra4+ 52. Ke5 Ra3
53. f4 Ra1 54. Ke6 Re1+ 55. Kf5 Ra1 56. Rd6 Ra7 57. Kg6 Ra8 58. f5 Rc8 1-0

[Event "XXIX Miedzynarodowy Festiwal Szachowy CRACOVIA-2018 Grupa B"]
[Site "Krakow, Hotel Galaxy, ul. Gesia 22a"]
[Date "2018.12.29"]
[Round "3.13"]
[White "Mielczarek, Daniel"]
[Black "Budnik, Mateusz"]
[Result "0-1"]
[WhiteElo "1930"]
[BlackElo "2053"]
[PlyCount "94"]
[EventDate "2018.??.??"]

1. d4 Nf6 2. Nf3 g6 3. Bg5 Bg7 4. e3 b6 5. Bd3 Bb7 6. Nbd2 O-O 7. h4 h5 8. c3
d5 9. Ne5 Nbd7 10. Bxf6 exf6 11. Nxg6 fxg6 12. Bxg6 f5 13. Qxh5 Nf6 14. Qxf5
Bc8 15. Qg5 Be6 16. Ke2 Ng4 17. f3 Nh6 18. Qxd8 Raxd8 19. g4 c5 20. Rhg1 Rd6
21. h5 Bd7 22. g5 Nf5 23. Bxf5 Bxf5 24. f4 Re6 25. Nf3 cxd4 26. cxd4 Rc6 27.
Rac1 Rfc8 28. Rxc6 Rxc6 29. Rd1 Rc2+ 30. Rd2 Rxd2+ 31. Nxd2 Bg4+ 32. Kf2 Bxh5
33. Kg3 Kf7 34. f5 Bf8 35. a3 Bd6+ 36. Kh4 Be2 37. e4 Bf4 38. g6+ Kg7 39. Nb1
dxe4 40. Nc3 Bf3 41. Nd5 Bc1 42. Kg3 Bd1 43. Kf2 Bb3 44. Nc7 e3+ 45. Kf3 Bd1+
46. Ke4 e2 47. Ne8+ Kf8 0-1

[Event "XXIX Miedzynarodowy Festiwal Szachowy CRACOVIA-2018 Grupa B"]
[Site "Krakow, Hotel Galaxy, ul. Gesia 22a"]
[Date "2018.12.29"]
[Round "3.14"]
[White "Kumor, Lukasz"]
[Black "Skurniak, Szymon"]
[Result "1-0"]
[WhiteElo "2040"]
[BlackElo "1895"]
[PlyCount "63"]
[EventDate "2018.??.??"]

1. e4 c5 2. Nf3 Nc6 3. d4 cxd4 4. Nxd4 Nf6 5. Nc3 d6 6. Bg5 Qb6 7. Nb3 e6 8.
Be2 Be7 9. Bxf6 gxf6 10. Qd2 Bd7 11. Bh5 Ne5 12. O-O-O O-O-O 13. f4 Ng6 14. Nd4
Kb8 15. f5 Ne5 16. Qe2 Rhg8 17. Bxf7 Nxf7 18. fxe6 Ne5 19. exd7 Rxd7 20. Nf5
Qc6 21. Rd4 Rc8 22. Qb5 Bf8 23. Rhd1 a6 24. Qb3 Nc4 25. Nd5 Rf7 26. Nb4 Qb5 27.
a4 Na5 28. Qxf7 Qe2 29. Kb1 d5 30. R4d2 Qxe4 31. Nxd5 Qc4 32. Qxf6 1-0

[Event "XXIX Miedzynarodowy Festiwal Szachowy CRACOVIA-2018 Grupa B"]
[Site "Krakow, Hotel Galaxy, ul. Gesia 22a"]
[Date "2018.12.29"]
[Round "3.15"]
[White "Nikitin, Aleksander I"]
[Black "Czaplewska, Klara"]
[Result "1-0"]
[WhiteElo "2031"]
[BlackElo "1890"]
[PlyCount "85"]
[EventDate "2018.??.??"]

1. b4 e5 2. Bb2 Bxb4 3. Bxe5 Nf6 4. c3 Be7 5. d4 O-O 6. e3 d5 7. Bxf6 Bxf6 8.
Bd3 Re8 9. Nd2 c5 10. Ne2 Nc6 11. O-O Bg4 12. Nf3 Qa5 13. Qb1 cxd4 14. cxd4 g6
15. Qb3 Nb4 16. Bb1 Re7 17. Rc1 Nc6 18. a3 Rd8 19. Bd3 Qc7 20. Rab1 Qd7 21. Nf4
g5 22. Ne2 Bxf3 23. gxf3 Qh3 24. Ng3 Kh8 25. Bf5 Qh6 26. Rc5 Rc7 27. Rxd5 Rxd5
28. Qxd5 Qf8 29. Bd3 Bd8 30. Rb3 b6 31. Kg2 Na5 32. Rb5 f6 33. a4 Nc6 34. Qf5
Qa3 35. Rd5 Qe7 36. Rb5 Qa3 37. Rd5 Qe7 38. Be4 a6 39. Qh3 Nb4 40. Nf5 Qf8 41.
Rd6 Rf7 42. Qh5 Na2 43. Rxd8 1-0

[Event "XXIX Miedzynarodowy Festiwal Szachowy CRACOVIA-2018 Grupa B"]
[Site "Krakow, Hotel Galaxy, ul. Gesia 22a"]
[Date "2018.12.29"]
[Round "3.16"]
[White "Bachor, Tomasz"]
[Black "Hrymowicz, Artur"]
[Result "1-0"]
[WhiteElo "1854"]
[BlackElo "2024"]
[PlyCount "79"]
[EventDate "2018.??.??"]

1. d4 Nf6 2. c4 b6 3. Nf3 Bb7 4. Nc3 e6 5. a3 d5 6. cxd5 exd5 7. Bg5 Be7 8. e3
O-O 9. Bd3 Nbd7 10. Qc2 h6 11. Bh4 c5 12. O-O Ne4 13. Nxd5 Bxh4 14. Bxe4 Rc8
15. Nc3 Ba6 16. Rfd1 cxd4 17. Nxd4 Qc7 18. Rac1 Ne5 19. Nf5 Bd8 20. Nd6 Rb8 21.
Qa4 Bc4 22. Ncb5 Bxb5 23. Nxb5 Qe7 24. Qxa7 Qxa7 25. Nxa7 Bf6 26. b3 Rfd8 27.
a4 Be7 28. f4 Bc5 29. Rxd8+ Rxd8 30. Rxc5 bxc5 31. fxe5 Rd2 32. Nc6 Kf8 33. Kf1
Ke8 34. Na5 Rb2 35. Bd5 Ke7 36. Nb7 Rc2 37. Bc4 h5 38. Nxc5 g5 39. a5 g4 40. a6
1-0

[Event "XXIX Miedzynarodowy Festiwal Szachowy CRACOVIA-2018 Grupa B"]
[Site "Krakow, Hotel Galaxy, ul. Gesia 22a"]
[Date "2018.12.29"]
[Round "3.17"]
[White "Beraia, Levan"]
[Black "Landl, Margot"]
[Result "0-1"]
[WhiteElo "1851"]
[BlackElo "1975"]
[PlyCount "60"]
[EventDate "2018.??.??"]

1. e4 e5 2. Nf3 Nc6 3. Bc4 Bc5 4. O-O Nf6 5. d3 d6 6. h3 Na5 7. Nc3 Nxc4 8.
dxc4 a6 9. a3 Be6 10. Qe2 Qe7 11. Rd1 h6 12. b4 Ba7 13. Nd5 Nxd5 14. cxd5 Bd7
15. Be3 Bxe3 16. Qxe3 O-O 17. c4 f5 18. exf5 Rxf5 19. Nd2 Raf8 20. Ne4 Rf4 21.
Rd2 Bf5 22. f3 Bxh3 23. gxh3 Rxf3 24. Qe2 Qh4 25. Rd3 Rxd3 26. Qxd3 Rf4 27. Qg3
Rxe4 28. Qxh4 Rxh4 29. c5 Rd4 30. cxd6 cxd6 0-1

[Event "XXIX Miedzynarodowy Festiwal Szachowy CRACOVIA-2018 Grupa B"]
[Site "Krakow, Hotel Galaxy, ul. Gesia 22a"]
[Date "2018.12.29"]
[Round "3.18"]
[White "Goraj, Barbara"]
[Black "Kosturkiewicz, Jacek"]
[Result "1-0"]
[WhiteElo "1786"]
[BlackElo "1972"]
[PlyCount "43"]
[EventDate "2018.??.??"]

1. e4 c5 2. Nf3 d6 3. d4 cxd4 4. Nxd4 Nf6 5. Nc3 g6 6. Be3 Bg7 7. f3 Nc6 8. Qd2
O-O 9. g4 Nxd4 10. Bxd4 Be6 11. O-O-O Qa5 12. a3 Rfc8 13. h4 Rab8 14. h5 b5 15.
hxg6 hxg6 16. Qg5 a6 17. Rd2 Rb7 18. Rdh2 Rbc7 19. Qh4 Kf8 20. Qh8+ Bxh8 21.
Rxh8+ Ng8 22. Rxg8+ 1-0

[Event "XXIX Miedzynarodowy Festiwal Szachowy CRACOVIA-2018 Grupa B"]
[Site "Krakow, Hotel Galaxy, ul. Gesia 22a"]
[Date "2018.12.29"]
[Round "3.19"]
[White "Zianowicz, Dominik"]
[Black "Kalkowski, Igor"]
[Result "1-0"]
[WhiteElo "1969"]
[BlackElo "1716"]
[PlyCount "55"]
[EventDate "2018.??.??"]

1. d4 d5 2. c4 c6 3. Nc3 Nf6 4. cxd5 cxd5 5. Bf4 e6 6. Nf3 Qa5 7. e3 Ne4 8. Qb3
Bd7 9. Bd3 Bb4 10. O-O Bxc3 11. bxc3 O-O 12. Qxb7 Qb6 13. Rab1 Qxb7 14. Rxb7
Bc6 15. Rb3 Nd7 16. Rc1 Nb6 17. Ne5 Ba4 18. Rb4 Rfc8 19. c4 f6 20. Nf3 g5 21.
Bg3 g4 22. Bxe4 gxf3 23. Bxf3 Nxc4 24. Rbxc4 dxc4 25. Bxa8 Bb5 26. Be4 c3 27.
f3 Ba4 28. Bc2 1-0

[Event "XXIX Miedzynarodowy Festiwal Szachowy CRACOVIA-2018 Grupa B"]
[Site "Krakow, Hotel Galaxy, ul. Gesia 22a"]
[Date "2018.12.29"]
[Round "3.20"]
[White "Cichon, Jakub"]
[Black "Szwaj, Jacek"]
[Result "0-1"]
[WhiteElo "1558"]
[BlackElo "1968"]
[PlyCount "86"]
[EventDate "2018.??.??"]

1. e4 c5 2. Nf3 d6 3. d4 cxd4 4. Nxd4 Nf6 5. Nc3 a6 6. Be2 e5 7. Nb3 Be7 8. Be3
Be6 9. Qd2 Nbd7 10. f3 b5 11. O-O Nb6 12. Kh1 Nc4 13. Bxc4 bxc4 14. Nc1 O-O 15.
N1e2 Qb8 16. b3 Rd8 17. f4 d5 18. exd5 Nxd5 19. Nxd5 Bxd5 20. Qe1 Bf6 21. Rd1
Qb7 22. Qg3 Re8 23. f5 Be4 24. Rd6 Kh8 25. Qg4 Bxc2 26. Ng3 cxb3 27. axb3 Red8
28. Rb6 Qd5 29. Bg5 Qd4 30. Qxd4 exd4 31. Bd2 Rab8 32. Rxb8 Rxb8 33. b4 Be5 34.
Ra1 Bd3 35. Ra3 Bb5 36. Ne4 Rc8 37. Nc5 Rc6 38. g4 h6 39. Ra5 Bd6 40. Ne4 Bc7
41. Ra1 Rc2 42. Rc1 Rxc1+ 43. Bxc1 Bc6 0-1

[Event "XXIX Miedzynarodowy Festiwal Szachowy CRACOVIA-2018 Grupa B"]
[Site "Krakow, Hotel Galaxy, ul. Gesia 22a"]
[Date "2018.12.29"]
[Round "3.21"]
[White "Siprashvili, Ivane"]
[Black "Koloczek, Maciej"]
[Result "1-0"]
[WhiteElo "2074"]
[BlackElo "1852"]
[PlyCount "55"]
[EventDate "2018.??.??"]

1. d4 Nf6 2. Nf3 g6 3. Bg5 Bg7 4. c3 O-O 5. Nbd2 d6 6. e4 Nc6 7. Qc2 e5 8. dxe5
Nxe5 9. Nxe5 dxe5 10. Bc4 Qe7 11. f3 Be6 12. Bxe6 Qxe6 13. Qb3 Qc6 14. a4 Nd7
15. Qb5 Qxb5 16. axb5 Bf6 17. Bxf6 Nxf6 18. Nc4 Nd7 19. O-O-O Nc5 20. Rd5 b6
21. Nxe5 a6 22. bxa6 Rxa6 23. Kc2 f5 24. exf5 Rxf5 25. Rhd1 Ne6 26. Nc4 Rf8 27.
Rd7 Raa8 28. Re7 1-0

[Event "XXIX Miedzynarodowy Festiwal Szachowy CRACOVIA-2018 Grupa B"]
[Site "Krakow, Hotel Galaxy, ul. Gesia 22a"]
[Date "2018.12.29"]
[Round "3.22"]
[White "Wojciechowski, Beniamin"]
[Black "Slezinski, Nikodem"]
[Result "1-0"]
[WhiteElo "1845"]
[BlackElo "2074"]
[PlyCount "81"]
[EventDate "2018.??.??"]

1. e4 e5 2. f4 exf4 3. Nf3 d6 4. d4 g5 5. Bc4 h6 6. h4 g4 7. Ng1 Nf6 8. Qd3 Nh5
9. Ne2 Be7 10. Bxf4 Bxh4+ 11. g3 Nxf4 12. Nxf4 Bg5 13. Nc3 Bxf4 14. gxf4 c6 15.
O-O-O a5 16. a4 Na6 17. Rh5 Qf6 18. f5 Nb4 19. Qe3 Qg7 20. e5 d5 21. Be2 Bxf5
22. Rxf5 Qg6 23. Qf4 h5 24. Rg1 O-O-O 25. Bd1 Rd7 26. Rg3 Na6 27. Rf6 Qg7 28.
Qd2 Nb4 29. Kb1 b6 30. Be2 Re7 31. Nd1 Re6 32. c3 Rxf6 33. exf6 Qg6+ 34. Ka1
Qc2 35. Qxc2 Nxc2+ 36. Kb1 Ne1 37. Kc1 h4 38. Bxg4+ Kc7 39. Re3 Ng2 40. Re7+
Kd8 41. Rd7+ 1-0

[Event "XXIX Miedzynarodowy Festiwal Szachowy CRACOVIA-2018 Grupa B"]
[Site "Krakow, Hotel Galaxy, ul. Gesia 22a"]
[Date "2018.12.29"]
[Round "3.23"]
[White "Gulie, Cosmin"]
[Black "Adamczyk, Zuzanna"]
[Result "1/2-1/2"]
[WhiteElo "2055"]
[BlackElo "1842"]
[PlyCount "76"]
[EventDate "2018.??.??"]

1. b4 d5 2. Bb2 Bf5 3. e3 e6 4. Nf3 Nf6 5. b5 h6 6. c4 c5 7. a4 Nbd7 8. a5 Bd6
9. Nc3 O-O 10. d3 Bc7 11. a6 b6 12. Be2 Rc8 13. O-O Ne5 14. Na4 Nxf3+ 15. Bxf3
Qd6 16. g3 Bh3 17. Re1 e5 18. Nc3 Be6 19. Qe2 Rfe8 20. Rad1 d4 21. exd4 exd4
22. Ne4 Nxe4 23. Qxe4 Bb8 24. Bc1 Qd8 25. Bg4 Qd7 26. Bxe6 Rxe6 27. Qf3 Rce8
28. Rxe6 Qxe6 29. Bd2 Qe2 30. Kg2 Qxf3+ 31. Kxf3 f5 32. h3 g5 33. g4 f4 34. h4
Kg7 35. hxg5 hxg5 36. Rh1 Kg6 37. Bc1 Bc7 38. Bd2 Bb8 1/2-1/2

[Event "XXIX Miedzynarodowy Festiwal Szachowy CRACOVIA-2018 Grupa B"]
[Site "Krakow, Hotel Galaxy, ul. Gesia 22a"]
[Date "2018.??.??"]
[Round "3.24"]
[White "Ilandzis, Spyridon"]
[Black "Podgorski, Maciej"]
[Result "0-1"]
[WhiteElo "2052"]
[BlackElo "1841"]
[PlyCount "82"]
[EventDate "2018.??.??"]

1. b3 Nf6 2. Bb2 g6 3. Bxf6 exf6 4. c4 Bg7 5. Nc3 O-O 6. g3 f5 7. Bg2 d6 8. e3
c6 9. Nge2 Re8 10. O-O Nd7 11. b4 Nf6 12. d3 g5 13. b5 Bd7 14. Qa4 Qc8 15. bxc6
Bxc6 16. Bxc6 bxc6 17. Rab1 Ng4 18. d4 h5 19. Qb4 Qd8 20. h3 Nh6 21. Qb7 Rc8
22. Qxa7 h4 23. Rb7 Qf6 24. Rc7 hxg3 25. Nxg3 f4 26. Rxc8 Rxc8 27. Qb7 Qe6 28.
exf4 Qxh3 29. fxg5 Ng4 30. Qxc8+ Bf8 31. Qxg4 Qxg4 32. Nce4 Be7 33. f3 Qf4 34.
d5 cxd5 35. cxd5 Bxg5 36. Kg2 Bh4 37. Rb1 Bxg3 38. Nxg3 Qd2+ 39. Kh3 Qxd5 40.
Rb3 Qa8 41. Rd3 Qc8+ 0-1

[Event "XXIX Miedzynarodowy Festiwal Szachowy CRACOVIA-2018 Grupa B"]
[Site "Krakow, Hotel Galaxy, ul. Gesia 22a"]
[Date "2018.12.29"]
[Round "3.25"]
[White "Shamatava, Nikolozi"]
[Black "Skomial, Mateusz"]
[Result "1/2-1/2"]
[WhiteElo "1866"]
[BlackElo "2050"]
[PlyCount "74"]
[EventDate "2018.??.??"]

1. d4 d5 2. c4 e6 3. g3 Nf6 4. Bg2 c6 5. cxd5 exd5 6. Nf3 Bd6 7. O-O O-O 8. Nc3
Re8 9. Qc2 h6 10. Bf4 Bg4 11. Bxd6 Bxf3 12. Bxf3 Qxd6 13. Rad1 Nbd7 14. e3 g6
15. a3 h5 16. h4 Nb6 17. Ne2 Ne4 18. Nf4 Qf6 19. b3 Nc8 20. Bg2 Ncd6 21. Nd3
Kg7 22. Ne5 Qf5 23. Rc1 f6 24. Nf3 Kh6 25. Qe2 Nf7 26. Kh2 Qd7 27. a4 Qd6 28.
Nd2 Nxd2 29. Qxd2 g5 30. hxg5+ Nxg5 31. Rh1 Kg7 32. Kg1 Rh8 33. Qe2 Qe6 34. Bf3
Qf5 35. Kg2 Nxf3 36. Qxf3 Qxf3+ 37. Kxf3 Kg6 1/2-1/2

[Event "XXIX Miedzynarodowy Festiwal Szachowy CRACOVIA-2018 Grupa B"]
[Site "Krakow, Hotel Galaxy, ul. Gesia 22a"]
[Date "2018.12.29"]
[Round "3.26"]
[White "Pasti, Anna"]
[Black "Pastuszko, Kinga"]
[Result "1/2-1/2"]
[WhiteElo "1832"]
[BlackElo "2029"]
[PlyCount "102"]
[EventDate "2018.??.??"]

1. e4 e5 2. Nf3 Nc6 3. Bb5 a6 4. Ba4 Nf6 5. d3 b5 6. Bb3 Be7 7. c3 d6 8. Nbd2
Na5 9. Bc2 c5 10. h3 g6 11. Nf1 h5 12. d4 Qc7 13. Bg5 Bb7 14. Qe2 cxd4 15. cxd4
Nc6 16. dxe5 dxe5 17. a3 O-O 18. Ne3 Nd4 19. Nxd4 exd4 20. Nd1 Nxe4 21. Bxe7
Qxe7 22. Bxe4 Bxe4 23. f3 Qh4+ 24. Qf2 Qxf2+ 25. Nxf2 Bc2 26. Kd2 Rac8 27. Rac1
Bf5 28. g4 hxg4 29. hxg4 Be6 30. Ne4 Kg7 31. g5 Rxc1 32. Rxc1 Bc4 33. Nd6 Rb8
34. b4 Bd5 35. Ne4 Bxe4 36. fxe4 Rh8 37. Kd3 Rh3+ 38. Kxd4 Rxa3 39. Ke5 Rg3 40.
Kf4 Rb3 41. Ra1 Rxb4 42. Rxa6 Rb1 43. Rb6 b4 44. Ke5 b3 45. Rb7 b2 46. Rb6 Rg1
47. Rxb2 Rxg5+ 48. Kf4 Rc5 49. Rb3 f6 50. Rb6 Rc4 51. Kf3 Rc1 1/2-1/2

[Event "XXIX Miedzynarodowy Festiwal Szachowy CRACOVIA-2018 Grupa B"]
[Site "Krakow, Hotel Galaxy, ul. Gesia 22a"]
[Date "2018.12.29"]
[Round "3.27"]
[White "Wiejaczka, Bartlomiej"]
[Black "Gorkiewicz, Mateusz"]
[Result "1/2-1/2"]
[WhiteElo "2006"]
[BlackElo "1838"]
[PlyCount "75"]
[EventDate "2018.??.??"]

1. d4 d5 2. Nf3 Nf6 3. c4 e6 4. Nc3 Be7 5. Bg5 O-O 6. e3 h6 7. Bh4 b6 8. Qc2
Bb7 9. Bxf6 Bxf6 10. cxd5 exd5 11. g4 c5 12. O-O-O c4 13. h4 Be7 14. g5 h5 15.
g6 fxg6 16. Ne5 Rf6 17. Bh3 Na6 18. f4 Bc8 19. Qg2 Nc7 20. Rdg1 Bb4 21. Nxg6
Bxc3 22. bxc3 b5 23. Qg5 Qe8 24. Ne5 Qe7 25. Kd1 a5 26. Bxc8 Rxc8 27. Rg3 Ne8
28. Qxh5 Nd6 29. Qg4 Nf5 30. h5 Nxg3 31. Qxc8+ Qf8 32. Qxf8+ Rxf8 33. Rh3 Ne4
34. Kc2 Rb8 35. Nc6 Rb6 36. Ne7+ Kf7 37. Nxd5 Rd6 38. Nc7 1/2-1/2

[Event "XXIX Miedzynarodowy Festiwal Szachowy CRACOVIA-2018 Grupa B"]
[Site "Krakow, Hotel Galaxy, ul. Gesia 22a"]
[Date "2018.12.29"]
[Round "3.28"]
[White "Czechowski, Jakub"]
[Black "Marzec, Karol"]
[Result "1-0"]
[WhiteElo "1840"]
[BlackElo "1996"]
[PlyCount "127"]
[EventDate "2018.??.??"]

1. d4 Nf6 2. c4 g6 3. Nc3 d6 4. e4 Bg7 5. f3 O-O 6. Be3 Nc6 7. Nge2 Rb8 8. a4
a5 9. Qd2 b6 10. Nb5 Nb4 11. Nc1 c6 12. Nc3 Ba6 13. Nd3 c5 14. Nxb4 axb4 15.
Nb5 Bxb5 16. cxb5 Nd7 17. Be2 Qc7 18. O-O cxd4 19. Bxd4 Bxd4+ 20. Qxd4 Qc5 21.
Qxc5 Nxc5 22. Bc4 b3 23. Ra3 Rfc8 24. Bxb3 Nxb3 25. Rxb3 Rc2 26. h3 Kf8 27. Rf2
Rc1+ 28. Kh2 Ke8 29. Rd2 Ra1 30. Rb4 Ra2 31. Rc2 Kd7 32. Rbc4 Rb7 33. Kg3 h6
34. Kf2 Ra1 35. Ke3 Re1+ 36. Kd3 Rg1 37. b3 Rb1 38. Kc3 Rc7 39. Kb4 Rc5 40. Ka3
Ra1+ 41. Kb2 Rg1 42. b4 Rxc4 43. Rxc4 Rxg2+ 44. Kb3 Rf2 45. Rc3 f5 46. exf5
gxf5 47. a5 bxa5 48. bxa5 Rf1 49. b6 Rb1+ 50. Ka4 e5 51. Rc7+ Kd8 52. Rh7 e4
53. fxe4 fxe4 54. Rxh6 Kd7 55. Rh7+ Ke6 56. Rh8 Kd7 57. b7 Kc7 58. b8=Q+ Rxb8
59. Rxb8 Kxb8 60. Kb3 Ka7 61. h4 e3 62. Kc3 d5 63. h5 d4+ 64. Kd3 1-0